Представление документа в формате MARC21

Поле Инд. ПП Название Значение
Тип записи a
Библиографический уровень b
001 Контрольный номер RU/IS/BASE/284569505
005 Дата корректировки 20200522191300.5
008 Кодируемые данные 20090106
040 b Код языка каталог. rus
e Правила каталог. PSBO
041 0_ a Код языка текста rus
084 a Индекс другой классификации/Индекс ББК 81.416-03-8
100 1_ a Автор Тюняева Д. Б.
245 10 a Заглавие Особенности употребления грецизмов в южнославянском переводе Жития Андрея Юродивого
504 a Библиография Библиогр. - Примеч.: с. 109 - 110
650 14 a Основная рубрика перевод
a Основная рубрика филологические науки
a Основная рубрика частное языкознание
a Основная рубрика языкознание; история языка
653 0_ a Ключевые слова XIV век
a Ключевые слова грецизмы
a Ключевые слова греческий язык
a Ключевые слова Житие Андрея Юродивого
a Ключевые слова жития
a Ключевые слова заимствованная лексика
a Ключевые слова лексика
a Ключевые слова славянские языки
a Ключевые слова южнославянские языки
773 08 t Заглавие источника Вестник Московского университета. Серия 9, Филология
d Дата издания источника 2008
g Прочая информация № 3. - С. 104 - 110
w Контрольный № источника RU/IS/BASE/282745557
901 t Тип документа b